00400nam a22001337a 450000500170000000800410001704100120005808200140007010000210008424500590010526000470016430000310021165000240024220231030125753.0231030b |||||||| |||| 00| 0 eng d aEnglish a347.6 MAY aMay, HJlEnglish aSouth African Cases and Statuses on Evidence /cHJ May aCape Town :bJuta and Co., Limited, c1962 bxxxiv, 400 pages ;c26 cm. alegal practicebLaw